Radnica Čunovo

Guardado en:
Detalles Bibliográficos
Autor principal: Solár, Lukáš (Autor)
Otros Autores: Majcher, Stanislav (Orientador)
Formato: Manuscrito Libro
Lenguaje:eslovaco
Publicado: Bratislava 2021
Materias:
Acceso en línea:http://is.stuba.sk/zp/portal_zp.pl?podrobnosti=145807
Etiquetas: Agregar Etiqueta
Sin Etiquetas, Sea el primero en etiquetar este registro!

MARC

LEADER 00000ntm a22000003a 4500
001 stuzp84378
003 SK-STU
005 20211108110306.0
007 ta
008 150427s2015----xo-----f-mn---000-0-slo-d
040 |a STU  |b slo 
041 0 |a slo 
100 1 |a Solár, Lukáš  |u 051110  |4 aut  |U FAD Fakulta architektúry a dizajnu  |T FAD Ústav architektúry obytných budov  |X 93622  |U A1110  |Y 392  |7 93622 
242 0 1 |a Town Hall, Čunovo  |y eng 
245 1 0 |a Radnica Čunovo 
260 |c 2021  |a Bratislava 
650 4 |a radnica  |2 slo 
650 4 |a verejný priestor  |2 slo 
650 4 |a kultúra  |2 slo 
650 4 |a townhall  |2 eng 
650 4 |a culture  |2 eng 
650 4 |a public space  |2 eng 
700 1 |a Majcher, Stanislav  |u 051110  |k Z1  |4 ths  |U FAD Fakulta architektúry a dizajnu  |T FAD Ústav architektúry obytných budov  |X 4410  |U A1110  |Y 392  |7 A000004410 
856 4 |u http://is.stuba.sk/zp/portal_zp.pl?podrobnosti=145807  |u https://opac.crzp.sk/?fn=detailBiblioForm&sid=6327E39BEACEDA0309000A820365